| 000 | 00668cam a2200229 04500 | ||
|---|---|---|---|
| 001 | 36098 | ||
| 010 | _a9727081185 | ||
| 021 |
_aPT _b33769/90 |
||
| 090 | _a36098 | ||
| 100 | _a19910320d1990 m y0pory5003 ba | ||
| 101 | 1 | _apor | |
| 102 | _aPT | ||
| 200 | 1 |
_aPsicopatologia da vida quotidiana _fSigmundo Freud _gtrad. José Marinho |
|
| 210 | 9 |
_aLisboa _cRelógio d'Água, _dD.L. 1990 |
|
| 215 |
_a308, [3] p. _d20 cm |
||
| 304 | _aTít. orig. : Zur Psychopatologie des Altagslebens | ||
| 675 |
_a159.96/.97 _vBN _zpor |
||
| 700 |
_aFreud, _bSigmund, _f1856-1939 _96576 |
||
| 702 |
_aMarinho _bJosé _f1904-1975 _4730 _92155 |
||
| 801 | 0 |
_aPT _bBN _gRPC |
|
| 990 | _cLIVROS | ||
| 994 | _aCOMP | ||